000 00547nam a22001817a 4500
003 SISC
005 20160405133216.0
008 130829t xxu||||| |||| 00| 0 eng d
050 _aHF 5686
_b.L732 1985
082 _aHS 657
_bL62 1985
100 _aLim, Juan D. B.B.A.
_915264
245 _aIntroduction to accounting principles and procedures /
_cJuan D. Lim, B.B.A. and Jose C. Adriano B.C.S.
260 _aQuezon City :
_bRex Printing,
_c1985
300 _a237 p. ;
_c23 cm.
650 _aAccounting
_91134
942 _2lcc
_cBK
999 _c9849
_d9849